|
|
|
|
| LEADER |
01103nam a2200325 4500 |
| 001 |
000006085 |
| 003 |
2239 |
| 005 |
20120424090411.0 |
| 008 |
110831s2006 viesd |
| 020 |
|
|
|c 37000 đ
|
| 041 |
0 |
|
|a vie
|
| 082 |
|
|
|a 150.1
|b CAR
|
| 100 |
1 |
|
|a Carnegie, Dale
|
| 245 |
|
0 |
|a Đắc nhân tâm
|b Bí quyết thành công
|c Dale Carnegie; Nguyễn Hiến Lê lược dịch quyển
|
| 246 |
|
|
|a How to win friends and influence people
|
| 260 |
|
|
|a H.
|b Nxb. Tổng hợp TP. Hồ Chí Minh
|c 2006
|
| 300 |
|
|
|a 293 tr.
|c 19 cm
|
| 653 |
|
|
|a Tâm lý học
|
| 700 |
|
|
|a Nguyễn Hiển Lê
|e dịch
|
| 910 |
|
|
|a Minh
|d 31/08/2011
|
| OWN |
|
|
|a LSP
|
| AVA |
|
|
|a UDN50
|b LSP
|d 150.1 CAR
|e available
|t Error 5001 Not defined in file expand_doc_bib_avail.
|f 5
|g 0
|h N
|i 0
|k 1
|
| 999 |
|
|
|a From the UDN01
|
| AVA |
|
|
|a UDN50
|b LSP
|d 150.1 CAR
|e available
|t Error 5001 Not defined in file expand_doc_bib_avail.
|f 5
|g 0
|h N
|i 0
|k 1
|
| TYP |
|
|
|a Monograph
|
| TYP |
|
|
|a Printed language
|
| 980 |
|
|
|a Mạng thư viện Đại học Đà Nẵng
|